000 00310nam a2200145Ia 4500
100 _aKakani/S.L/ Kakani/Amit
650 _aMaterial science
942 _cBK
366 _f17.5
245 _aMaterial science
260 _bNew Age Int (P) Ltd
_c2004
300 _a640
546 _aENGLISH
999 _c20977
_d20977